000 00489nam a2200181Ia 4500
999 _c29919
_d29919
003 OSt
005 20201124095506.0
008 190216s9999||||xx |||||||||||||| ||und||
020 _a9788126428762
040 _coclc
082 _a894.8123
_bSUR/G
100 _aSurendran, P
_9540
245 0 _aGreeshmamapini /
_cP Surendran
260 _bDc Books,
_aKottayam:
_c2010.
300 _a106p
650 _aNovel
942 _cBK
_2ddc
_h894.8123
_iSUR/G
_k894.8123
_mSUR/G